Física: electricidad y magnetismo / Raymond A. Serway, John W. Jewett (Registro nro. 27019)
[ vista simple ]
| 000 -LÍDER | |
|---|---|
| fixed length control field | 00515nam a2200157 4500 |
| 020 ## - NÚMERO INTERNACIONAL NORMALIZADO PARA LIBROS | |
| ISBN | 978-970-830-063-6 |
| 050 ## - SIGNATURA TOPOGRAFICA DE LA BIBLIOTECA DEL CONGRESO (LC) | |
| Número de Clasificación | QC532 S4618 2009 |
| 082 ## - NUMERO DE CLASIFICACION DECIMAL DEWEY | |
| Número de Clasificación | 537 S767f |
| 100 ## - ASIENTO PRINCIPAL--NOMBRE PERSONAL | |
| Nombre personal | Serway, Raymond A. |
| 245 ## - TÍTULO | |
| Título | Física: electricidad y magnetismo / Raymond A. Serway, John W. Jewett |
| 250 ## - MENCIÓN DE EDICIÓN | |
| Mención de edición | 7 |
| 260 ## - PUBLICACIÓN, DISTRIBUCIÓN, ETC. (PIE DE IMPRENTA) | |
| Lugar de publicación, distribución, etc. | Australia : Cengage Learning |
| 300 ## - DESCRIPCIÓN FÍSICA | |
| Extensión | xxiii, 336 p. p g. varia / 27 cm. |
| 650 ## - ASIENTO SECUNDARIO DE MATERIA - TERMINO TEMÁTICO | |
| Término temático o nombre geográfico como elemento de entrada | 1. ELECTRICIDAD-PROBLEMAS EJERCICIOS / 2. MAGNETISMO-PROBLEMAS EJERCICIOS |
| 700 ## - ASIENTO SECUNDARIO - NOMBRE PERSONAL | |
| Nombre personal | I. Jewett John W. coaut. |
| No. biblioteca | No. biblioteca | Número de clasificación | Código de barras/Número de adquisición | Número de copia | Tipo de material |
|---|---|---|---|---|---|
| ÁREA DE ELECTROMECÁNICA | LUIS G. INCLAN | 537 S767f | 51575 | 2 | Libros |
| ÁREA DE ELECTROMECÁNICA | ÁREA DE ELECTROMECÁNICA | 537 S767f | 51574 | 1 | Libros |
| ÁREA DE ELECTROMECÁNICA | ÁREA DE ELECTROMECÁNICA | 537 S767f | 51576 | 3 | Libros |
| ÁREA DE ELECTROMECÁNICA | ÁREA DE ELECTROMECÁNICA | 537 S767f | 51577 | 4 | Libros |
| ÁREA DE ELECTROMECÁNICA | ÁREA DE ELECTROMECÁNICA | 537 S767f | 12470 | 5 | Libros |
| ÁREA DE ELECTROMECÁNICA | ÁREA DE ELECTROMECÁNICA | 537 S767f | 52285 | 6 | Libros |
